|
|
|
|
| LEADER |
00000nab a2200000 a 4500 |
| 001 |
vtls000929566 |
| 003 |
SK-MaSNL |
| 005 |
20260303191648.0 |
| 008 |
140402e20030000xo 0 slo |
| 035 |
|
|
|a KE38443
|
| 040 |
|
|
|a KEVKJB
|b slo
|c KEVKJB
|e AACR2
|
| 041 |
0 |
|
|a slo
|
| 044 |
|
|
|a xo
|c SK
|
| 080 |
|
|
|a 78.087.684
|2 1981
|
| 080 |
|
|
|a 669.1
|2 1981
|
| 100 |
1 |
|
|a Gajdošová, Libuša
|4 aut
|9 8618
|
| 245 |
1 |
0 |
|a Spevokol Ozvena zapustil korene
|
| 610 |
2 |
7 |
|a Ozvena pri Základnej organizácii Slovenského zväzu protifašistických bojovníkov Východoslovenských železiarní, Košice
|2 KEVKJB
|9 1221314
|
| 610 |
2 |
7 |
|a Východoslovenské železiarne (Košice, Slovensko)
|2 KEVKJB
|
| 610 |
2 |
7 |
|a Východoslovenské železiarne Holding (Košice, Slovensko)
|2 snkbucl
|9 29927
|
| 650 |
0 |
7 |
|a hudba
|2 KEVKJB
|9 1063
|
| 650 |
0 |
7 |
|a spevácke zbory
|2 KEVKJB
|9 3197
|
| 650 |
0 |
7 |
|a spevokoly
|2 KEVKJB
|9 319815
|
| 650 |
0 |
7 |
|a výročie založenia 4.
|2 KEVKJB
|9 1221315
|
| 650 |
0 |
7 |
|a činnosť
|2 KEVKJB
|9 282874
|
| 651 |
|
7 |
|a Košice (Slovensko)
|2 KEVKJB
|9 18694
|
| 773 |
0 |
8 |
|t Bojovník
|g Roč. 48, č.3 (2003), s. 10
|
| 852 |
|
|
|a ZVYKNI
|b KIS3GCP
|
| 999 |
|
|
|c 2142263
|d 2144193
|